Can you name the Taylor Swift album from the song? (click quiz) - Statistics

General Stats
  • This quiz has been taken 233 times
  • The average score is 28 of 33
Answer Stats
Hint Answer % Correct
Enchanted Speak Now
97%
Cruel Summer Lover
96%
Anti-Hero Midnights
94%
The Alchemy The Tortured Poets Department
94%
mirrorball folklore
92%
But Daddy I Love Him The Tortured Poets Department
92%
Question...? Midnights
90%
Look What You Made Me Do reputation
90%
Picture To Burn Taylor Swift
90%
champagne problems evermore
89%
New Romantics 1989
88%
So Long, London The Tortured Poets Department
88%
cardigan folklore
87%
Cornelia Street Lover
87%
All Too Well Red
87%
Never Grow Up Speak Now
87%
Style 1989
86%
Dress reputation
86%
gold rush evermore
85%
Love Story Fearless
85%
High Infidelity Midnights
84%
hoax folklore
83%
New Year's Day reputation
82%
It's Nice To Have A Friend Lover
81%
Timeless Speak Now
81%
Tied Together With A Smile Taylor Swift
80%
Suburban Legends 1989
78%
Holy Ground Red
77%
Forever & Always Fearless
76%
it's time to go evermore
75%
Come Back...Be Here Red
74%
Invisible Taylor Swift
71%
That's When Fearless
67%
No matching quizzes found
Score Distribution
Percent of People with Each Score
Percentile by Number Answered
Your Score History
You have not taken this quiz